Liverpool League Players Since 2014 - Statistics

General Stats
  • This quiz has been taken 313 times
    256 since last reset
  • The average score is 207 of 269
Answer Stats
% Correct
2023/24 (Premier League - 3rd) Uruguay ST 24 Darwin Nunez 36 11
99%
2022/23 (Premier League - 5th) Uruguay ST 23 Darwin Nunez 29 9
99%
2023/24 (Premier League - 3rd) Colombia LW 27 Luis Diaz 37 8
99%
2022/23 (Premier League - 5th) Colombia LW 25 Luis Diaz 17 4
99%
2021/22 (Premier League - 2nd) Colombia LW 24 Luis Diaz 13 4
99%
2023/24 (Premier League - 3rd) Brazil GK 31 Alisson Becker 28
98%
2022/23 (Premier League - 5th) Brazil GK 29 Alisson Becker 37
98%
2021/22 (Premier League - 2nd) Brazil GK 28 Alisson Becker 36
98%
2020/21 (Premier League - 3rd) Brazil GK 27 Alisson Becker 33 1
98%
2019/20 (Premier League - 1st) Brazil GK 26 Alisson Becker 29
98%
2018/19 (Premier League - 2nd) Brazil GK 25 Alisson Becker 38
98%
2023/24 (Premier League - 3rd) England RB 25 Trent Alexander-Arnold 28 3
98%
2022/23 (Premier League - 5th) England RB 23 Trent Alexander-Arnold 37 2
98%
2021/22 (Premier League - 2nd) England RB 22 Trent Alexander-Arnold 32 2
98%
2020/21 (Premier League - 3rd) England RB 21 Trent Alexander-Arnold 36 2
98%
2019/20 (Premier League - 1st) England RB 20 Trent Alexander-Arnold 38 4
98%
2018/19 (Premier League - 2nd) England RB 19 Trent Alexander-Arnold 29 1
98%
2017/18 (Premier League - 4th) England RB 18 Trent Alexander-Arnold 19 1
98%
2016/17 (Premier League - 4th) England RB 17 Trent Alexander-Arnold 7
98%
2023/24 (Premier League - 3rd) Scotland LB 30 Andrew Robertson 23 3
97%
2022/23 (Premier League - 5th) Scotland LB 28 Andrew Robertson 34
97%
2021/22 (Premier League - 2nd) Scotland LB 27 Andrew Robertson 29 3
97%
2020/21 (Premier League - 3rd) Scotland LB 26 Andrew Robertson 38 1
97%
2019/20 (Premier League - 1st) Scotland LB 25 Andrew Robertson 36 2
97%
2018/19 (Premier League - 2nd) Scotland LB 24 Andrew Robertson 36
97%
2017/18 (Premier League - 4th) Scotland LB 23 Andrew Robertson 22 1
97%
2023/24 (Premier League - 3rd) Egypt RW 31 Mohamed Salah 32 18
97%
2022/23 (Premier League - 5th) Egypt RW 30 Mohamed Salah 38 19
97%
2021/22 (Premier League - 2nd) Egypt RW 29 Mohamed Salah 35 23
97%
2020/21 (Premier League - 3rd) Egypt RW 28 Mohamed Salah 37 22
97%
2019/20 (Premier League - 1st) Egypt RW 27 Mohamed Salah 34 19
97%
2018/19 (Premier League - 2nd) Egypt RW 26 Mohamed Salah 38 22
97%
2017/18 (Premier League - 4th) Egypt RW 25 Mohamed Salah 36 32
97%
2023/24 (Premier League - 3rd) Netherlands CB 32 Virgil van Dijk 36 2
97%
2022/23 (Premier League - 5th) Netherlands CB 30 Virgil van Dijk 32 3
97%
2021/22 (Premier League - 2nd) Netherlands CB 29 Virgil van Dijk 34 3
97%
2020/21 (Premier League - 3rd) Netherlands CB 28 Virgil van Dijk 5 1
97%
2019/20 (Premier League - 1st) Netherlands CB 27 Virgil van Dijk 38 5
97%
2018/19 (Premier League - 2nd) Netherlands CB 26 Virgil van Dijk 38 4
97%
2017/18 (Premier League - 4th) Netherlands CB 25 Virgil van Dijk 14
97%
2023/24 (Premier League - 3rd) Argentina CM 25 Alexis Mac Allister 33 5
96%
2023/24 (Premier League - 3rd) Netherlands LW 25 Cody Gakpo 35 8
96%
2022/23 (Premier League - 5th) Netherlands LW 23 Cody Gakpo 21 7
96%
2023/24 (Premier League - 3rd) Portugal LW 27 Diogo Jota 21 10
96%
2022/23 (Premier League - 5th) Portugal LW 25 Diogo Jota 22 7
96%
2021/22 (Premier League - 2nd) Portugal LW 24 Diogo Jota 35 15
96%
2020/21 (Premier League - 3rd) Portugal LW 23 Diogo Jota 19 9
96%
2023/24 (Premier League - 3rd) England CB 27 Joe Gomez 32
96%
2022/23 (Premier League - 5th) England CB 25 Joe Gomez 21
96%
2021/22 (Premier League - 2nd) England CB 24 Joe Gomez 8
96%
2020/21 (Premier League - 3rd) England CB 23 Joe Gomez 7
96%
2019/20 (Premier League - 1st) England CB 22 Joe Gomez 28
96%
2018/19 (Premier League - 2nd) England CB 21 Joe Gomez 16
96%
2017/18 (Premier League - 4th) England CB 20 Joe Gomez 23
96%
2015/16 (Premier League - 8th) England CB 18 Joe Gomez 5
96%
2021/22 (Premier League - 2nd) Senegal LW 29 Sadio Mane 34 16
96%
2020/21 (Premier League - 3rd) Senegal LW 28 Sadio Mane 35 11
96%
2019/20 (Premier League - 1st) Senegal LW 27 Sadio Mane 35 18
96%
2018/19 (Premier League - 2nd) Senegal LW 26 Sadio Mane 36 22
96%
2017/18 (Premier League - 4th) Senegal LW 25 Sadio Mane 29 10
96%
2016/17 (Premier League - 4th) Senegal LW 24 Sadio Mane 27 13
96%
2023/24 (Premier League - 3rd) France CB 25 Ibrahima Konate 22
95%
2022/23 (Premier League - 5th) France CB 23 Ibrahima Konate 18
95%
2021/22 (Premier League - 2nd) France CB 22 Ibrahima Konate 11
95%
2022/23 (Premier League - 5th) England CM 36 James Milner 31
95%
2021/22 (Premier League - 2nd) England CM 35 James Milner 24
95%
2020/21 (Premier League - 3rd) England CM 34 James Milner 26
95%
2019/20 (Premier League - 1st) England CM 33 James Milner 22 2
95%
2018/19 (Premier League - 2nd) England CM 32 James Milner 31 5
95%
2017/18 (Premier League - 4th) England CM 31 James Milner 32
95%
2016/17 (Premier League - 4th) England CM 30 James Milner 36 7
95%
2015/16 (Premier League - 8th) England CM 29 James Milner 28 5
95%
2023/24 (Premier League - 3rd) Japan DM 31 Wataru Endo 29 1
95%
2023/24 (Premier League - 3rd) Hungary CM 23 Dominik Szoboszlai 33 3
94%
2023/24 (Premier League - 3rd) Cameroon CB 32 Joel Matip 10
94%
2022/23 (Premier League - 5th) Cameroon CB 30 Joel Matip 14 1
94%
2021/22 (Premier League - 2nd) Cameroon CB 29 Joel Matip 31 3
94%
2020/21 (Premier League - 3rd) Cameroon CB 28 Joel Matip 10 1
94%
2019/20 (Premier League - 1st) Cameroon CB 27 Joel Matip 9 1
94%
2018/19 (Premier League - 2nd) Cameroon CB 26 Joel Matip 22 1
94%
2017/18 (Premier League - 4th) Cameroon CB 25 Joel Matip 25 1
94%
2016/17 (Premier League - 4th) Cameroon CB 24 Joel Matip 29 1
94%
2022/23 (Premier League - 5th) England CM 32 Jordan Henderson 35
93%
2021/22 (Premier League - 2nd) England CM 31 Jordan Henderson 35 2
93%
2020/21 (Premier League - 3rd) England CM 30 Jordan Henderson 21 1
93%
2019/20 (Premier League - 1st) England CM 29 Jordan Henderson 30 4
93%
2018/19 (Premier League - 2nd) England CM 28 Jordan Henderson 32 1
93%
2017/18 (Premier League - 4th) England CM 27 Jordan Henderson 27 1
93%
2016/17 (Premier League - 4th) England CM 26 Jordan Henderson 24 1
93%
2015/16 (Premier League - 8th) England CM 25 Jordan Henderson 17 2
93%
2014/2015 (Premier League - 6th) England CM 24 Jordan Henderson 37 6
93%
2022/23 (Premier League - 5th) Brazil ST 30 Roberto Firmino 25 11
93%
2021/22 (Premier League - 2nd) Brazil ST 29 Roberto Firmino 20 5
93%
2020/21 (Premier League - 3rd) Brazil ST 28 Roberto Firmino 36 9
93%
2019/20 (Premier League - 1st) Brazil ST 27 Roberto Firmino 38 9
93%
2018/19 (Premier League - 2nd) Brazil ST 26 Roberto Firmino 34 12
93%
2017/18 (Premier League - 4th) Brazil ST 25 Roberto Firmino 37 15
93%
2016/17 (Premier League - 4th) Brazil ST 24 Roberto Firmino 35 11
93%
2015/16 (Premier League - 8th) Brazil ST 23 Roberto Firmino 31 10
93%
2023/24 (Premier League - 3rd) England CM 23 Curtis Jones 23 1
91%
2022/23 (Premier League - 5th) England CM 21 Curtis Jones 18 3
91%
2021/22 (Premier League - 2nd) England CM 20 Curtis Jones 15 1
91%
2020/21 (Premier League - 3rd) England CM 19 Curtis Jones 24 1
91%
2019/20 (Premier League - 1st) England CM 18 Curtis Jones 6 1
91%
2022/23 (Premier League - 5th) Brazil DM 28 Fabinho 36
91%
2021/22 (Premier League - 2nd) Brazil DM 27 Fabinho 29 5
91%
2020/21 (Premier League - 3rd) Brazil DM 26 Fabinho 30
91%
2019/20 (Premier League - 1st) Brazil DM 25 Fabinho 28 2
91%
2018/19 (Premier League - 2nd) Brazil DM 24 Fabinho 28 1
91%
2023/24 (Premier League - 3rd) Greece LB 28 Konstantinos Tsimikas 13
91%
2022/23 (Premier League - 5th) Greece LB 26 Konstantinos Tsimikas 20
91%
2021/22 (Premier League - 2nd) Greece LB 25 Konstantinos Tsimikas 13
91%
2020/21 (Premier League - 3rd) Greece LB 24 Konstantinos Tsimikas 2
91%
2020/21 (Premier League - 3rd) Netherlands CM 29 Georginio Wijnaldum 38 2
90%
2019/20 (Premier League - 1st) Netherlands CM 28 Georginio Wijnaldum 37 4
90%
2018/19 (Premier League - 2nd) Netherlands CM 27 Georginio Wijnaldum 35 3
90%
2017/18 (Premier League - 4th) Netherlands CM 26 Georginio Wijnaldum 33 1
90%
2016/17 (Premier League - 4th) Netherlands CM 25 Georginio Wijnaldum 36 6
90%
2023/24 (Premier League - 3rd) England AM 21 Harvey Elliott 34 3
90%
2022/23 (Premier League - 5th) England AM 19 Harvey Elliott 32 1
90%
2021/22 (Premier League - 2nd) England AM 18 Harvey Elliott 6
90%
2019/20 (Premier League - 1st) England AM 16 Harvey Elliott 2
90%
2023/24 (Premier League - 3rd) Netherlands CM 22 Ryan Gravenberch 26 1
90%
2014/2015 (Premier League - 6th) Australia GK 32 Brad Jones 3
89%
2023/24 (Premier League - 3rd) Ireland GK 25 Caoimhin Kelleher 10
89%
2022/23 (Premier League - 5th) Ireland GK 23 Caoimhin Kelleher 1
89%
2021/22 (Premier League - 2nd) Ireland GK 22 Caoimhin Kelleher 2
89%
2020/21 (Premier League - 3rd) Ireland GK 21 Caoimhin Kelleher 2
89%
2021/22 (Premier League - 2nd) Belgium ST 26 Divock Origi 7 3
89%
2020/21 (Premier League - 3rd) Belgium ST 25 Divock Origi 9
89%
2019/20 (Premier League - 1st) Belgium ST 24 Divock Origi 28 4
89%
2018/19 (Premier League - 2nd) Belgium ST 23 Divock Origi 12 3
89%
2017/18 (Premier League - 4th) Belgium ST 22 Divock Origi 1
89%
2016/17 (Premier League - 4th) Belgium ST 21 Divock Origi 34 7
89%
2015/16 (Premier League - 8th) Belgium ST 20 Divock Origi 16 5
89%
2022/23 (Premier League - 5th) Guinea CM 27 Naby Keita 8
89%
2021/22 (Premier League - 2nd) Guinea CM 26 Naby Keita 23 3
89%
2020/21 (Premier League - 3rd) Guinea CM 25 Naby Keita 10
89%
2019/20 (Premier League - 1st) Guinea CM 25 Naby Keita 18 2
89%
2018/19 (Premier League - 2nd) Guinea CM 23 Naby Keita 25 2
89%
2020/21 (Premier League - 3rd) Switzerland AM 28 Xherdan Shaqiri 14
87%
2019/20 (Premier League - 1st) Switzerland AM 27 Xherdan Shaqiri 7 1
87%
2018/19 (Premier League - 2nd) Switzerland AM 26 Xherdan Shaqiri 24 6
87%
2023/24 (Premier League - 3rd) Spain CM 33 Thiago Alcantara 1
86%
2022/23 (Premier League - 5th) Spain CM 31 Thiago Alcantara 18
86%
2021/22 (Premier League - 2nd) Spain CM 30 Thiago Alcantara 25 1
86%
2020/21 (Premier League - 3rd) Spain CM 29 Thiago Alcantara 24 1
86%
2017/18 (Premier League - 4th) Germany GK 24 Loris Karius 19
85%
2016/17 (Premier League - 4th) Germany GK 23 Loris Karius 10
85%
2017/18 (Premier League - 4th) Belgium GK 29 Simon Mignolet 19
84%
2016/17 (Premier League - 4th) Belgium GK 28 Simon Mignolet 28
84%
2015/16 (Premier League - 8th) Belgium GK 27 Simon Mignolet 34
84%
2014/2015 (Premier League - 6th) Belgium GK 26 Simon Mignolet 36
84%
2019/20 (Premier League - 1st) Croatia CB 29 Dejan Lovren 10
83%
2018/19 (Premier League - 2nd) Croatia CB 28 Dejan Lovren 13 1
83%
2017/18 (Premier League - 4th) Croatia CB 27 Dejan Lovren 29 2
83%
2016/17 (Premier League - 4th) Croatia CB 26 Dejan Lovren 29 2
83%
2015/16 (Premier League - 8th) Croatia CB 25 Dejan Lovren 24
83%
2014/2015 (Premier League - 6th) Croatia CB 24 Dejan Lovren 26
83%
2017/18 (Premier League - 4th) Brazil AM 25 Philippe Coutinho 14 7
83%
2016/17 (Premier League - 4th) Brazil AM 24 Philippe Coutinho 31 13
83%
2015/16 (Premier League - 8th) Brazil AM 23 Philippe Coutinho 26 8
83%
2014/2015 (Premier League - 6th) Brazil AM 22 Philippe Coutinho 35 5
83%
2021/22 (Premier League - 2nd) Japan LW 26 Takumi Minamino 11 3
81%
2020/21 (Premier League - 3rd) Japan LW 25 Takumi Minamino 9 1
81%
2019/20 (Premier League - 1st) Japan LW 24 Takumi Minamino 10
81%
2014/2015 (Premier League - 6th) England CM 34 Steven Gerrard 29 9
80%
2017/18 (Premier League - 4th) Germany DM 23 Emre Can 26 3
79%
2016/17 (Premier League - 4th) Germany DM 22 Emre Can 32 5
79%
2015/16 (Premier League - 8th) Germany DM 21 Emre Can 30 1
79%
2014/2015 (Premier League - 6th) Germany DM 20 Emre Can 27 1
79%
2015/16 (Premier League - 8th) Slovakia CB 30 Martin Skrtel 22 1
79%
2014/2015 (Premier League - 6th) Slovakia CB 29 Martin Skrtel 33 1
79%
2018/19 (Premier League - 2nd) England RB 27 Nathaniel Clyne 4
79%
2017/18 (Premier League - 4th) England RB 26 Nathaniel Clyne 3
79%
2016/17 (Premier League - 4th) England RB 25 Nathaniel Clyne 37
79%
2015/16 (Premier League - 8th) England RB 24 Nathaniel Clyne 33 1
79%
2019/20 (Premier League - 1st) England AM 31 Adam Lallana 15 1
77%
2018/19 (Premier League - 2nd) England AM 30 Adam Lallana 13
77%
2017/18 (Premier League - 4th) England AM 29 Adam Lallana 12
77%
2016/17 (Premier League - 4th) England AM 28 Adam Lallana 31 8
77%
2015/16 (Premier League - 8th) England AM 27 Adam Lallana 30 4
77%
2014/2015 (Premier League - 6th) England AM 26 Adam Lallana 27 5
77%
2023/24 (Premier League - 3rd) Northern Ireland RB 20 Conor Bradley 11 1
77%
2018/19 (Premier League - 2nd) England ST 28 Daniel Sturridge 18 2
77%
2017/18 (Premier League - 4th) England ST 27 Daniel Sturridge 9 2
77%
2016/17 (Premier League - 4th) England ST 26 Daniel Sturridge 20 3
77%
2015/16 (Premier League - 8th) England ST 25 Daniel Sturridge 14 8
77%
2014/2015 (Premier League - 6th) England ST 24 Daniel Sturridge 12 4
77%
2014/2015 (Premier League - 6th) England LW 19 Raheem Sterling 35 7
77%
2020/21 (Premier League - 3rd) Spain GK 33 Adrian 3
75%
2019/20 (Premier League - 1st) Spain GK 32 Adrian 11
75%
2023/24 (Premier League - 3rd) England CB 21 Jarell Quansah 17 2
74%
2018/19 (Premier League - 2nd) Spain LB 25 Alberto Moreno 2
72%
2017/18 (Premier League - 4th) Spain LB 24 Alberto Moreno 16
72%
2016/17 (Premier League - 4th) Spain LB 23 Alberto Moreno 12
72%
2015/16 (Premier League - 8th) Spain LB 22 Alberto Moreno 32 1
72%
2014/2015 (Premier League - 6th) Spain LB 21 Alberto Moreno 28 2
72%
2022/23 (Premier League - 5th) England CM 28 Alex Oxlade-Chamberlain 9 1
69%
2021/22 (Premier League - 2nd) England CM 27 Alex Oxlade-Chamberlain 17 2
69%
2020/21 (Premier League - 3rd) England CM 26 Alex Oxlade-Chamberlain 13 1
69%
2019/20 (Premier League - 1st) England CM 25 Alex Oxlade-Chamberlain 30 4
69%
2018/19 (Premier League - 2nd) England CM 24 Alex Oxlade-Chamberlain 2
69%
2017/18 (Premier League - 4th) England CM 23 Alex Oxlade-Chamberlain 32 3
69%
2016/17 (Premier League - 4th) Brazil DM 29 Lucas Leiva 24
67%
2015/16 (Premier League - 8th) Brazil DM 28 Lucas Leiva 27
67%
2014/2015 (Premier League - 6th) Brazil DM 27 Lucas Leiva 20
67%
2021/22 (Premier League - 2nd) Wales RB 20 Neco Williams 1
67%
2020/21 (Premier League - 3rd) Wales RB 19 Neco Williams 6
67%
2019/20 (Premier League - 1st) Wales RB 18 Neco Williams 6
67%
2015/16 (Premier League - 8th) Ivory Coast CB 34 Kolo Toure 14 1
66%
2014/2015 (Premier League - 6th) Ivory Coast CB 33 Kolo Toure 12
66%
2022/23 (Premier League - 5th) England CB 25 Nathaniel Phillips 2
66%
2020/21 (Premier League - 3rd) England CB 23 Nathaniel Phillips 17 1
66%
2020/21 (Premier League - 3rd) England CB 19 Rhys Williams 9
66%
2015/16 (Premier League - 8th) Belgium ST 24 Christian Benteke 29 9
65%
2022/23 (Premier League - 5th) Portugal AM 19 Fabio Carvalho 13 2
65%
2015/16 (Premier League - 8th) France CB 25 Mamadou Sakho 22 1
65%
2014/2015 (Premier League - 6th) France CB 24 Mamadou Sakho 16
65%
2014/2015 (Premier League - 6th) Italy ST 23 Mario Balotelli 16 1
63%
2015/16 (Premier League - 8th) Wales CM 25 Joe Allen 19 2
62%
2014/2015 (Premier League - 6th) Wales CM 24 Joe Allen 21 1
62%
2017/18 (Premier League - 4th) Estonia CB 31 Ragnar Klavan 19 1
60%
2016/17 (Premier League - 4th) Estonia CB 30 Ragnar Klavan 20
60%
2020/21 (Premier League - 3rd) Turkey CB 20 Ozan Kabak 9
57%
2023/24 (Premier League - 3rd) Spain DM 19 Stefan Bajcetic 1
57%
2022/23 (Premier League - 5th) Spain DM 17 Stefan Bajcetic 11 1
57%
2014/2015 (Premier League - 6th) Serbia RW 20 Lazar Markovic 19 2
53%
2017/18 (Premier League - 4th) England ST 19 Dominic Solanke 21 1
50%
2023/24 (Premier League - 3rd) Scotland RW 18 Ben Doak 1
48%
2022/23 (Premier League - 5th) Scotland RW 16 Ben Doak 2
48%
2014/2015 (Premier League - 6th) England RB 29 Glen Johnson 19 1
46%
2014/2015 (Premier League - 6th) Italy LW 23 Fabio Borini 12 1
42%
2017/18 (Premier League - 4th) Serbia DM 21 Marko Grujic 3
41%
2016/17 (Premier League - 4th) Serbia DM 20 Marko Grujic 5
41%
2023/24 (Premier League - 3rd) England ST 18 Jayden Danns 2
39%
2014/2015 (Premier League - 6th) England ST 32 Rickie Lambert 25 2
39%
2017/18 (Premier League - 4th) England ST 24 Danny Ings 8 1
37%
2015/16 (Premier League - 8th) England ST 22 Danny Ings 6 2
37%
2014/2015 (Premier League - 6th) Spain LB 28 Jose Enrique 4
37%
2021/22 (Premier League - 2nd) England DM 18 Tyler Morton 2
30%
2015/16 (Premier League - 8th) England RW 19 Jordon Ibe 27 1
28%
2014/2015 (Premier League - 6th) England RW 18 Jordon Ibe 12
28%
2015/16 (Premier League - 8th) England RB 22 Jon Flanagan 5
27%
2023/24 (Premier League - 3rd) England CM 19 Bobby Clark 5
26%
2022/23 (Premier League - 5th) England CM 17 Bobby Clark 1
26%
2015/16 (Premier League - 8th) Wales GK 22 Danny Ward 2
26%
2017/18 (Premier League - 4th) Wales AM 17 Ben Woodburn 1
25%
2016/17 (Premier League - 4th) Wales AM 16 Ben Woodburn 5
25%
2015/16 (Premier League - 8th) Hungary GK 27 Adam Bogdan 2
24%
2014/2015 (Premier League - 6th) Spain RB 20 Javier Manquillo 10
22%
2015/16 (Premier League - 8th) Australia LB 21 Brad Smith 4
21%
2023/24 (Premier League - 3rd) Wales LB 21 Owen Beck 1
21%
2015/16 (Premier League - 8th) Sierra Leone CB 23 Steven Caulker 3
21%
2023/24 (Premier League - 3rd) England CM 19 James McConnell 3
18%
2023/24 (Premier League - 3rd) England RW 19 Kaide Gordon 1
14%
2021/22 (Premier League - 2nd) England RW 16 Kaide Gordon 1
14%
2016/17 (Premier League - 4th) Jamaica DM 22 Kevin Stewart 4
13%
2015/16 (Premier League - 8th) Jamaica DM 21 Kevin Stewart 7
13%
2015/16 (Premier League - 8th) Portugal AM 22 Joao Carlos Teixeira 1
12%
2015/16 (Premier League - 8th) England RW 18 Sheyi Ojo 8
11%
2015/16 (Premier League - 8th) Spain DM 18 Pedro Chirivella 1
10%
2014/2015 (Premier League - 6th) England ST 17 Jerome Sinclair 2
9%
2016/17 (Premier League - 4th) England LM 18 Ovie Ejaria 2
8%
2018/19 (Premier League - 2nd) Portugal RW 18 Rafael Camacho 1
8%
2015/16 (Premier League - 8th) England CM 19 Cameron Brannagan 3
7%
2015/16 (Premier League - 8th) England RB 19 Connor Randall 3
6%
2015/16 (Premier League - 8th) England DM 18 Jordan Rossiter 1
6%
2015/16 (Premier League - 8th) Spain RW 18 Sergi Canos 1
4%
No matching quizzes found
Score Distribution
Percent of People with Each Score
Percentile by Number Answered
Your Score History
You have not taken this quiz since the last reset